Statistics for Famous Speeches from History

Click here to take the quiz!

General Stats

  • This quiz has been taken 25,742 times
    (18,227 since last reset)
  • The average score is 10 of 21

Answer Stats

Speech Speaker % Correct
I have a dreamMartin Luther King, Jr.
99%
Gettysburg addressAbraham Lincoln
84%
Ask not what your country can do for youJohn F. Kennedy
81%
Mr. Gorbachev, tear down this wall!Ronald Reagan
75%
Quit IndiaMohandas Gandhi
74%
I can promise you nothing but blood, toil, tears, and sweatWinston Churchill
72%
A date which will live in infamyFranklin D. Roosevelt
70%
Sermon on the MountJesus
65%
During my lifetime I have dedicated myself to this struggle of the African people...
it is an ideal for which I am prepared to die
Nelson Mandela
61%
I know I have the body but of a weak and feeble woman;
but I have the heart and stomach of a king, and of a king of England too
Queen Elizabeth
54%
So we are continuing this policy in bleeding America to the point of bankruptcy,
Allah willing, and nothing is too great for Allah
Osama bin Laden
42%
Military-industrial complexDwight Eisenhower
40%
Friends, Romans, countrymen, lend me your earsMark Antony
34%
Give me liberty or give me deathPatrick Henry
34%
CheckersRichard Nixon
33%
I believe in the old and sound rule that an ounce of sweat will save a gallon of blood.
The harder WE push, the more Germans we will kill. The more Germans we kill,
the fewer of our men will be killed.
George Patton
30%
Today I consider myself the luckiest man on the face of the earthLou Gehrig
27%
Segregation foreverGeorge Wallace
22%
Apology / The unexamined life is not worth livingSocrates
13%
Hear me, my Chiefs! I am tired; my heart is sick and sad. From where the sun
now stands I will fight no more forever.
Chief Joseph
12%
Just as a thousand years ago the Huns under their King Attila made a name for
themselves ... may the name German be affirmed by you in such a way in China that
no Chinese will ever again dare to look cross-eyed at a German
Kaiser Wilhelm II
12%

Score Distribution

Percentile by Number Answered

Percent of People with Each Score

Your Score History

You have not taken this quiz since the last reset